Clic Les compagnies de chemin de fer d'Europe - Statistiques

Statistiques générales
  • Ce quiz a été pris 30 fois
  • Le résultat moyen est 14 sur 37
Statistiques - réponses
Hint Explanation Réponse % Correct
SNCF Société nationale des chemins de fer français France
100%
DB-AG Deutsche Bahn Allemagne
87%
SNCB/NMBS Société nationale des chemins de fer belges / Nationale Maatschappij der Belgische Spoorwegen Belgique
83%
FS - Trenitalia Ferrovie dello Stato Italie
83%
OBB Österreichische Bundesbahnen Autriche
70%
Renfe Red Nacional de los Ferrocarriles Españoles Espagne
70%
CP Caminhos de ferro portugueses Portugal
57%
ČD České dráhy Tchéquie
57%
Iarnród Éireann filiale de Córas Iompair Éireann Irlande
52%
PKP Polskie Koleje Państwowe Pologne
52%
DSB Danske StatsBaner Danemark
48%
MÁV Magyar Államvasutak Hongrie
43%
CFL Société nationale des chemins de fer luxembourgeois Luxembourg
43%
CFR Căile Ferate Române Roumanie
43%
ŽSSK Železničná spoločnosť Slovensko Slovaquie
43%
EVR Eesti Raudtee Estonie
39%
NS Nederlandse Spoorwegen Pays-Bas
39%
UZ Ukrzaliznytsia Ukraine
39%
Hrvatske željeznice Croatie
30%
SJ Statens Järnvägar Suède
30%
ŽFBH Željeznice Federacije Bosne i Hercegovine Bosnie-Herzégovine
26%
VR VR-Yhtymä Oy Finlande
22%
LDz Latvijas dzelzceļš Lettonie
17%
LG Lietuvos geležinkeliai Lituanie
17%
Makedonski Železnici Macédoine
17%
CFM Calea Ferata din Moldova Moldavie
17%
Vy Norges Statsbaner Norvège
17%
GC Grand Central Railway Royaume-Uni
17%
ŽS Železnice Srbije Serbie
17%
HSh Hekurudha e Shqiperise Albanie
13%
BDŽ Bâlgarski Dâržavni Železnitsi Bulgarie
13%
ŽCG Železnice Crne Gore Monténégro
13%
RZhD Russkiye Zheleznye Dorogi Russie
13%
Slovenske Železnice Slovénie
13%
OSE
Organismós Sidirodrómon Elládos
Grèce
9%
BOB Berner Oberland-Bahnen Suisse
9%
BCh Belaruskaya Chyhunka Biélorussie
4%
Aucun quiz correspondant
Distribution des résultats
% des personnes avec chaque résultat
Percentile par nombre de réponses
Votre historique - résultats
Vous n’avez pas pris ce quiz